Le associazioni familiari in Europa. (Record n. 208547)
[ formato base ]
| 000 -LEADER | |
|---|---|
| campo di controllo lung. fissa | 00671npc a2200217Ia 4500 |
| 001 - Numero di controllo | |
| campo di controllo | conv12-38544 |
| 003 - Identificatore del numero di controllo | |
| campo di controllo | IT-MiCISF |
| 005 - Data e orario dell'ultima transazione | |
| campo di controllo | 20250829191507.0 |
| 008 - Elementi di lunghezza fissa--Informazione generale | |
| campo di controllo lung. fissa | 161014s9999||||xx | und|| |
| 040 ## - Fonte della catalogazione | |
| Agenzia catalografica originale | IT-MiCISF |
| Agenzia che fa la trascrizione | IT-MiCISF |
| 041 ## - Codice di lingua | |
| Codice di lingua del testo/traccia sonora o titolo separato | it |
| 100 ## - Accesso principale -- nome di persona | |
| Nome di persona | Donati Pierpaolo (et al.) |
| 9 (RLIN) | 61345 |
| 245 #0 - Formulazione del titolo | |
| Titolo | Le associazioni familiari in Europa. |
| Complemento del titolo | Milano, 14-16 aprile 1994 |
| 260 ## - Pubblicazione, distribuzione, ecc. (stampa) | |
| Luogo di pubblicazione, distribuzione, ecc. | Milano, |
| Nome dell'editore, distributore, ecc. | Cisf, |
| Data di pubblicazione, distribuzione, ecc. | 1994 |
| 500 ## - Nota generale | |
| Nota generale | / associazionismo, famiglia, comparazione / |
| 650 ## - Accesso aggiunto di soggetto--termine topico | |
| Termine topico o nome geografico come accesso | società |
| 654 ## - Accesso aggiunto di soggetto--termini topici faccettati | |
| Termine principale | atti |
| 700 ## - Accesso aggiunto--nome di persona | |
| Nome di persona | Rossi G., Boccacin L., Matteini M., Stanziani S., Tamanza G., Kattau T., Bernardes J. |
| 9 (RLIN) | 62564 |
| 942 ## - Dati aggiuntivi (Koha) | |
| Tipo copia default (Koha) | DOCUMENTI |
| Fonte della classificazione o dello schema di collocazione (segnatura) | Dewey Decimal Classification |
| 999 ## - Sys Number locale (Koha) | |
| Koha Dewey Subclass [OBSOLETE] | si |
| Ritirato (status) | Perso (status) | Danneggiato (status) | Non per il presito | Biblioteca proprietaria | Biblioteca in cui si trova | Data d'acquisizione | Totale prestiti | Collocazione | Data ultima operazione | Prezzo in vigore dal | Tipo copia default (Koha) | Nota pubblica |
|---|---|---|---|---|---|---|---|---|---|---|---|---|
| Buone Condizioni | Not For Loan | CISF - Milano | CISF - Milano | 14/10/2016 | conv12-38544 | 14/10/2016 | 14/10/2016 | DOCUMENTI | Data import 15.10.2016 / by Epidotti, Vaglietti |